| 000 | 00484 a2200169 4500 | ||
|---|---|---|---|
| 020 | _a 8129704641 | ||
| 040 |
_aDLC _bDLC |
||
| 082 | _a530 | ||
| 100 | _aYoung, Hugh D. | ||
| 245 |
_aSears and Zemansky's university physics with modern physics _cHugh D. Young, Roger A. Freedman |
||
| 250 | _a11th | ||
| 260 |
_aNew Delhi : _bPearson Education Inc. , _cc2004. |
||
| 300 |
_a xx, 1703 p. : _bill. ; _c24 cm. |
||
| 500 | _aIncludes Index | ||
| 650 | _aPhysics. | ||
| 942 |
_cBK _k530 YOU _2ddc |
||
| 999 |
_c4484 _d4484 |
||